000 00574nam a22001937a 4500
005 20250710115049.0
008 250710b |||||||| |||| 00| 0 eng d
020 _a978-0-495-60344-3
050 _aBF 724.5 .C38 2011
100 _aCAVANAUGH, JOHN C.
245 _aADULT DEVELOPMENT AND AGING
250 _a6
260 _aBELMONT,CA
_bWADSWORTH CENGAGE LEARNING
_c2011
300 _aXV,551P.:ILL
500 _aINCLUDES BIBLIOGRAPHICAL REFERENCES AND INDEX
650 _aADULTHOOD-PSYCHOLOGY ASPECT-TEXTBOOK
700 _aBLANCHARD-FIELS, FREDDA
942 _2lcc
_cBK
999 _c215877
_d215877